| 000 | 01047naa a2200277 c 4500 | ||
|---|---|---|---|
| 001 | 49421 | ||
| 999 |
_c49421 _d49421 |
||
| 003 | ES-MaCES | ||
| 005 | 20170517104022.0 | ||
| 008 | 170517s2017 sp ||||| t||||||| ||spa d | ||
| 040 |
_aES-MaCES _bspa _cES-MaCES _dES-MaCES |
||
| 100 | 1 |
_936960 _aLozano Lares, Francisco |
|
| 245 | 1 | 3 |
_aEl régimen jurídico de las mutuas colaboradoras con la seguridad social (II) _cFrancisco Lozano Lares |
| 500 | _aResumen | ||
| 650 | 4 |
_928178 _aempresa |
|
| 650 | 4 |
_930256 _amutualidad |
|
| 650 | 4 |
_928345 _aaccidente de trabajo |
|
| 650 | 4 |
_930466 _aprotección complementaria |
|
| 650 | 4 |
_927034 _aseguridad social |
|
| 650 | 4 |
_927165 _aderecho del trabajo |
|
| 650 | 4 |
_929855 _alegislación de seguridad social |
|
| 650 | 4 |
_929894 _arégimen jurídico |
|
| 653 | 1 | 0 | _aSeguridad Social |
| 773 | 0 |
_985912 _dValladolid (Avda. Reyes Católicos, 11, 47008) Lex nova _o088810 _tInformación laboral _w(ES-MaCES)25782 _gn. 1 (2017) {55/796 R. 088810} ;p. 61-102 |
|
| 902 | _aART Artículo de revista | ||
| 942 |
_2CES _cAR _h3.0. |
||